Elogio de la fugacidad: antología poética, 1958-2009
Tallennettuna:
| Päätekijä: | |
|---|---|
| Aineistotyyppi: | Kirja |
| Kieli: | espanja |
| Julkaistu: |
Madrid
Fondo de Cultura Económica
2010
|
| Painos: | 1a. ed |
| Sarja: | Biblioteca Premio Cervantes
|
| Aiheet: | |
| Tagit: |
Lisää tagi
Ei tageja, Lisää ensimmäinen tagi!
|
MARC
| LEADER | 00000cam a2200000 a 4500 | ||
|---|---|---|---|
| 001 | UCE2086 | ||
| 003 | CL-VaPUC | ||
| 008 | 140605e20100400sp |||||||||||||||||spa|d | ||
| 020 | |a 9788437506418 | ||
| 082 | 0 | 4 | |a Me861 |b PAC |2 21 |
| 100 | |a Pacheco, José Emilio |e autor |9 420345 | ||
| 245 | 1 | 0 | |a Elogio de la fugacidad: antología poética, 1958-2009 |
| 250 | |a 1a. ed | ||
| 300 | |a 133 p | ||
| 942 | |c BK | ||
| 945 | |d 20140605 14:22:00 |a dcastane | ||
| 260 | |a Madrid |b Fondo de Cultura Económica |c 2010 | ||
| 650 | 7 | |a POESIAS MEXICANAS |2 CL-VaPUC |9 314784 | |
| 650 | 0 | |a Literatura mexicana |9 313097 | |
| 583 | |a last modification |c 20140605 14:22:00 |k Rodrigo Vera | ||
| 490 | 0 | |a Biblioteca Premio Cervantes | |
| 999 | |c 355755 |d 355753 | ||
| 952 | |0 0 |1 0 |3 erb |4 0 |6 ME_861_000000000000000_PAC_2010 |7 0 |8 A |9 462611 |a BIBART |b BIBART |i 5082323 |o Me861 PAC 2010 |p 5082323 |r 2025-03-13 |w 2019-11-23 |y BK |z Catalogado en:20140605 |k ART | ||